Top 10 najbardziej nadanych imion męskich w 2024 - Statystyki

Ogólne statystyki
  • Ten quiz został rozwiązany 19 razy
  • Średni wynik to 5 z 10
Statystyki odpowiedzi
Hint ile nadanych Imię % Poprawnych
3 5277 Jan
75%
2 5404 Antoni
69%
8 3938 Jakub
69%
6 4574 Franciszek
56%
9 3715 Stanisław
50%
4 5170 Aleksander
44%
10 3644 Mikołaj
44%
1 6388 Nikodem
44%
5 4669 Leon
38%
7 4229 Ignacy
25%
Nie znaleziono quizów pasujących do podanych kryteriów
Rozkład punktacji
Procent ludzi z każdym wynikiem
Percentyl według liczby udzielonych odpowiedzi
Twoja historia wyników
Nie rozwiązałeś tego quizu